| 000 | 00879nam0a22002771 4500 | ||
|---|---|---|---|
| 001 | rc\154161 | ||
| 005 | 20250620211637.0 | ||
| 010 |
_a5-625-01137-0 _995000 |
||
| 035 | _a(NLR Aleph) 005421665 | ||
| 090 |
_a7482429 _c7482429 |
||
| 100 | _a20030307d1991 |||y0rusy50 ca | ||
| 101 | 0 | _arus | |
| 102 | _aRU | ||
| 105 | _aa ||||||||| | ||
| 200 | 1 |
_aРусский язык _eДля 3-го кл. трехлет. нач. каз. шк. |
|
| 205 | _a17-е изд. | ||
| 210 |
_aАлма-Ата _cРауан _d1991 |
||
| 215 |
_a255, [1] с. _cил. _d22 |
||
| 300 | _aНа пер. авт. не указаны | ||
| 700 | 1 |
_aМасгутова _bС.С. _gСофья Сулеймановна |
|
| 701 | 1 |
_aТурсунов _bД.Т. _gДаригул Турсунович |
|
| 801 | 0 |
_aRU _bNLR _gpsbo |
|
| 801 | 1 |
_aRU _bELAR _2rusmarc |
|
| 852 |
_aNLR _j91-5/3993 |
||
| 942 | _cBOOK | ||
| 980 | _aNB | ||